Normal view
MARC view
Entry Chronological Term
001 - CONTROL NUMBER
- control field: 544
003 - CONTROL NUMBER IDENTIFIER
- control field: NUST
005 - DATE AND TIME OF LATEST TRANSACTION
- control field: 20170511160114.0
008 - FIXED-LENGTH DATA ELEMENTS
- fixed length control field: 170511|| aca||aabn | a|a d
040 ## - CATALOGING SOURCE
- Original cataloging agency: NUST
- Transcribing agency: NUST
148 ## - HEADING--CHRONOLOGICAL TERM
- Chronological term:
- General subdivision: Iraq.
670 ## - SOURCE DATA FOUND
- Source citation: Work cat.: (NUST)24348: Rodger W,Claire, 543, Raid On The Sun:, c2004.
